Mi labor (Record no. 37823)
[ view plain ]
| 000 -LEADER | |
|---|---|
| campo de control de longitud fija | 00759nam a2200193 i 4500 |
| 001 - NÚMERO DE CONTROL | |
| campo de control | 37823 |
| 003 - IDENTIFICADOR DE NÚMERO DE CONTROL | |
| campo de control | ES-MaACL |
| 005 - FECHA Y HORA DE LA ÚLTIMA TRANSACCIÓN | |
| campo de control | 20241210140213.0 |
| 007 - CAMPO FIJO DE DESCRIPCIÓN FÍSICA--INFORMACIÓN GENERAL | |
| campo de control de longitud fija | t| |
| 008 - DATOS DE LONGITUD FIJA--INFORMACIÓN GENERAL | |
| campo de control de longitud fija | 030221s1972 sp ||||1| spa d |
| 100 1# - ENTRADA PRINCIPAL--NOMBRE DE PERSONA | |
| Nombre de persona | Cádiz Salvatierra, José. |
| 9 (RLIN) | 33402 |
| 245 10 - MENCIÓN DEL TÍTULO | |
| Título | Mi labor |
| Resto del título | : (veinticinco años al servicio de la cultura jerezana) / |
| Mención de responsabilidad, etc. | José Cádiz Salvatierra ; edición preparada y anotada por A. García del Moral ; prólogo José Mª Pemán. |
| 260 ## - PUBLICACIÓN, DISTRIBUCIÓN, ETC. | |
| Lugar de publicación, distribución, etc. | Jerez de la Frontera : |
| Nombre del editor, distribuidor, etc. | [s.n., |
| Fecha de publicación, distribución, etc. | 1972] ( |
| Lugar de fabricación/manufactura | Granada : |
| Fabricante | Gráf. Rafra) |
| 300 ## - DESCRIPCIÓN FÍSICA | |
| Extensión | XIII, 625 p., 1 lám. ; |
| Dimensiones | 24 cm. |
| 700 1# - ENTRADA AGREGADA--NOMBRE PERSONAL | |
| Nombre de persona | García del Moral, A. |
| 9 (RLIN) | 54517 |
| 700 1# - ENTRADA AGREGADA--NOMBRE PERSONAL | |
| Nombre de persona | Pemán, José María, |
| Fechas asociadas al nombre | 1897-1981 |
| 9 (RLIN) | 90130 |
| 852 ## - LOCALIZACIÓN | |
| Ubicación | ES-MaACL |
| Número de control de estantería | C-49250 |
| Sublocalización o colección | R.84521 |
| Estatus retirado | Estado de pérdida | Estado de daño | No para préstamo | Biblioteca de origen | Biblioteca actual | Ubicación en estantería | Fecha de adquisición | Fuente de adquisición | Total de préstamos | Signatura topográfica completa | Código de barras | Visto por última vez | Precio de reemplazo | Tipo de ítem Koha |
|---|---|---|---|---|---|---|---|---|---|---|---|---|---|---|
| Biblioteca del Ateneo de Madrid | Biblioteca del Ateneo de Madrid | Depósito 2 | 17/01/2008 | C-49250 | 1039823 | 23/02/2023 | 23/02/2023 | Libro impreso |
